Conversations with Frank Gehry

Na minha lista:
Detalhes bibliográficos
Autor principal: Isenberg, Barbara (Author)
Formato: Livro
Idioma:inglês
Publicado em: New York : Alfred A. Knoff, 2009
Assuntos:
Tags: Adicionar Tag
Sem tags, seja o primeiro a adicionar uma tag!

MARC

LEADER 00000nam a22000003a 4500
001 stu236862
005 20150617230150.5
008 111020s2009------------------------eng-d
020 |a 978-0-307-26800-6 
040 |a STU  |b slo 
041 0 |a eng 
100 1 |a Isenberg, Barbara  |4 aut 
245 1 |a Conversations with Frank Gehry 
260 |a New York :  |b Alfred A. Knoff,  |c 2009 
300 |a 290 s 
650 7 |a Gehry, Frank O.  |2 stusub 
650 7 |a architekti americkí  |2 stusub 
996 |b 284AU04993  |c A*7711 U  |l AAKNAR  |s A  |a 24  |w stu236862_0001